000
00197 a2200085 4500
020
_a
9789881887498
100
_a
George Lam
245
_a
Restaurant Design 101
260
_b
Pace Publishing Ltd
_c
2011
999
_c
13637
_d
13637